L'Anthropologie / (Record no. 203)

MARC details
000 -LEADER
campo de control de longitud fija 01160nas a2200325 i 4500
001 - NÚMERO DE CONTROL
campo de control 203
003 - IDENTIFICADOR DE NÚMERO DE CONTROL
campo de control ES-MaACL
005 - FECHA Y HORA DE LA ÚLTIMA TRANSACCIÓN
campo de control 20250814011826.0
007 - CAMPO FIJO DE DESCRIPCIÓN FÍSICA--INFORMACIÓN GENERAL
campo de control de longitud fija t|
008 - DATOS DE LONGITUD FIJA--INFORMACIÓN GENERAL
campo de control de longitud fija 950801c1890 fr | | 1 ||re d
080 ## - NÚMERO DE LA CLASIFICACIÓN DECIMAL UNIVERSAL
Número de la Clasificación Decimal Universal 572
245 02 - MENCIÓN DEL TÍTULO
Título L'Anthropologie /
Mención de responsabilidad, etc. paraissant... sous la direction de MM. Cartailhac, Hamy, Topinard.
260 ## - PUBLICACIÓN, DISTRIBUCIÓN, ETC.
Lugar de publicación, distribución, etc. Paris :
Nombre del editor, distribuidor, etc. Masson et Cie,
Fecha de publicación, distribución, etc. 1890- (
Lugar de fabricación/manufactura Angers :
Fabricante Société Français d'Imprimerie et de Publicité, etc)
300 ## - DESCRIPCIÓN FÍSICA
Extensión 44 v. :
Otras características físicas grab ;
Dimensiones 25 cm.
310 ## - PERIODICIDAD ACTUAL
Periodicidad actual Bimensual
362 0# - FECHAS DE PUBLICACIÓN Y/O DESIGNACIÓN SECUENCIAL
Fecha de publicación y/o designación secuencial T. I (1890)-
500 ## - NOTA GENERAL
Nota general El n. 6 de 1909, t. XX contiene las tablas de los 20 primeros años.
500 ## - NOTA GENERAL
Nota general En 1930, t. XL, tabla general del t. XXI al t. XL.
650 17 - PUNTO DE ACCESO ADICIONAL DE MATERIA--TÉRMINO DE MATERIA
Término de materia o nombre geográfico como elemento de entrada Biología
Fuente del encabezamiento o término embne
9 (RLIN) 10580
650 #7 - PUNTO DE ACCESO ADICIONAL DE MATERIA--TÉRMINO DE MATERIA
Término de materia o nombre geográfico como elemento de entrada Antropología física
Fuente del encabezamiento o término embne
9 (RLIN) 9893
700 0# - ENTRADA AGREGADA--NOMBRE PERSONAL
Nombre de persona Cartailhac, Emile.
9 (RLIN) 35871
700 1# - ENTRADA AGREGADA--NOMBRE PERSONAL
Nombre de persona Hamy, Ernest-Théodore.
9 (RLIN) 143180
700 1# - ENTRADA AGREGADA--NOMBRE PERSONAL
Nombre de persona Topinard, Paul.
9 (RLIN) 133296
700 0# - ENTRADA AGREGADA--NOMBRE PERSONAL
Nombre de persona Boule, Marcellin.
9 (RLIN) 30907
700 1# - ENTRADA AGREGADA--NOMBRE PERSONAL
Nombre de persona Vallois, Henri-Victor.
9 (RLIN) 143181
700 1# - ENTRADA AGREGADA--NOMBRE PERSONAL
Nombre de persona Vaufrey, Raymond.
9 (RLIN) 143182
852 ## - LOCALIZACIÓN
Ubicación ES-MaACL
Número de control de estantería Hem-190
866 #0 - MENCIÓN TEXTUAL DE FONDOS--UNIDAD BIBLIOGRÁFICA BÁSICA
Fondos 1890,1893-1934(1935f.n.3y4)(1936f.n.5y6).
Holdings
Estatus retirado Estado de pérdida Estado de daño No para préstamo Colección Biblioteca de origen Biblioteca actual Ubicación en estantería Fecha de adquisición Fuente de adquisición Total de préstamos Signatura topográfica completa Código de barras Visto por última vez Precio de reemplazo Tipo de ítem Koha
        Periódicos y Revistas Biblioteca del Ateneo de Madrid Biblioteca del Ateneo de Madrid Depósito 1 17/01/2008     Hem-190 1000204 23/02/2023 23/02/2023 Revista